| 000 | 00642nam a22001937a 4500 | ||
|---|---|---|---|
| 999 |
_c21300 _d21300 |
||
| 003 | AR-CdUCM | ||
| 008 | 190411b ||||| |||| 00| 0 spa d | ||
| 040 |
_aMUNICIPALIDAD PROVINCIAL DEL CUSCO _cBIBLIOTECA MUNICIPAL DEL CUSCO |
||
| 082 |
_aEP/869/S21 _bS21 |
||
| 100 |
_aSantisteban Flores, Indalecio _944466 |
||
| 245 |
_aNarraciones de mi tierra : _bcimentando la identidad cultural / |
||
| 260 |
_aCusco ; _bGraficentro Rosita, _c2016. |
||
| 300 |
_a74 Páginas. : _c20 cm. |
||
| 650 |
_aLiteratura infantil _9588 |
||
| 650 |
_aLiteratura cusqueña _944463 |
||
| 650 |
_aLiteratura Quechua _97789 |
||
| 942 |
_2ddc _cLIBROS |
||
| 945 | _aRoel | ||